[Event "39th NED-ch"]
[Site "Hilversum NED"]
[Date "1983.04.16"]
[Round "1"]
[White "Ree, Hans"]
[Black "Timmerman, Gert Jan"]
[Result "1-0"]
[WhiteElo "2500"]
[BlackElo "2285"]
[EventDate "1983.04.16"]
[PlyCount "55"]

1.d4 Nf6 2.c4 c5 3.d5 Ne4 4.Qc2 Qa5+ 5.Nd2 Nd6 6.e4 g6 7.Nf3 Bg7 8.Bd3 Na6
9.a3 b5 10.cxb5 Nxb5 11.O-O O-O 12.Nc4 Qd8 13.Bd2 d6 14.Ba5 Qe8 15.h3 Bd7 
16.Qe2 Qc8 17.e5 Re8 18.a4 Nbc7 19.exd6 exd6 20.Nxd6 Rxe2 21.Nxc8 Rxb2 22.
Ne7+ Kf8 23.d6 Rb3 24.Rad1 Bf6 25.dxc7 Nxc7 26.Bxc7 Kxe7 27.Bd6+ Ke8 28.
Rfe1+ 1-0

[Event "39th NED-ch"]
[Site "Hilversum NED"]
[Date "1983.04.22"]
[Round "6"]
[White "Timmerman, Gert Jan"]
[Black "Bohm, Hans"]
[Result "0-1"]
[WhiteElo "2285"]
[BlackElo "2380"]
[EventDate "1983.04.16"]
[PlyCount "76"]

1.e4 e6 2.d4 d5 3.Nc3 Bb4 4.Ne2 Nf6 5.a3 Be7 6.e5 Nfd7 7.f4 g6 8.Be3 h5 9.
Qd2 b6 10.g3 Nc6 11.Bg2 Na5 12.b3 Ba6 13.O-O c6 14.h3 Qc7 15.Rf2 O-O-O 16.
Nc1 Kb8 17.Nd3 c5 18.Bf1 cxd4 19.Bxd4 Nc6 20.Ne2 Nc5 21.Bxc5 Bxc5 22.Nxc5 
bxc5 23.b4 Bxe2 24.Bxe2 c4 25.c3 Ne7 26.Kh2 Nf5 27.a4 d4 28.a5 Rd7 29.b5 
Qc5 30.Rff1 h4 31.g4 Ng3 32.Rf3 Rhd8 33.Rxg3 hxg3+ 34.Kxg3 dxc3 35.Qe1 g5 
36.Bf3 Rd3 37.fxg5 Re3 38.Qf2 Rdd3 0-1

[Event "39th NED-ch"]
[Site "Hilversum NED"]
[Date "1983.04.25"]
[Round "8"]
[White "Ligterink, Gert"]
[Black "Bohm, Hans"]
[Result "1/2-1/2"]
[WhiteElo "2440"]
[BlackElo "2380"]
[EventDate "1983.04.16"]
[PlyCount "128"]

1.d4 e6 2.e4 d5 3.Nc3 Bb4 4.Ne2 Nf6 5.e5 Nfd7 6.a3 Be7 7.f4 g6 8.g4 h5 9.
f5 hxg4 10.fxg6 fxg6 11.Ng3 c5 12.Qxg4 Nf8 13.Bb5+ Bd7 14.O-O Qb6 15.Bd3 
cxd4 16.Nce2 Nc6 17.Bxg6+ Nxg6 18.Qxg6+ Kd8 19.Nf4 d3+ 20.Kh1 Qd4 21.c3 
Qxe5 22.Nxd3 Qd6 23.Qg7 Kc7 24.Bf4 Rag8 25.Bxd6+ Bxd6 26.Rf7 Rxg7 27.Rxg7 
Ne5 28.Nxe5 Bxe5 29.Rg5 Bf4 30.Rh5 Rg8 31.Rf1 e5 32.Rh7 Kd6 33.Kg2 Bc6 34.
Kf2 a5 35.Nf5+ Kc5 36.Ne7 Rf8 37.Nxc6 bxc6 38.Ke1 Kc4 39.Kd1 Rg8 40.Rf2 
Be3 41.Re2 Kd3 42.Rh3 d4 43.cxd4 exd4 44.Rd2+ Ke4 45.Rh4+ Kd5 46.Re2 c5 
47.Rxe3 dxe3 48.Ke2 Rg2+ 49.Kxe3 Rxb2 50.Ra4 Rxh2 51.Kd3 c4+ 52.Kc3 Rh3+ 
53.Kc2 Kd4 54.Rxa5 Rh2+ 55.Kb1 Kc3 56.Rg5 Kb3 57.Rb5+ Kc3 58.Rg5 Rh1+ 59.
Ka2 Kc2 60.Rg2+ Kc1 61.a4 Rh3 62.a5 Rd3 63.a6 Rd6 64.Ka3 Rxa6+ 1/2-1/2

[Event "39th NED-ch"]
[Site "Hilversum NED"]
[Date "1983.04.25"]
[Round "8"]
[White "Ree, Hans"]
[Black "Langeweg, Christian"]
[Result "1/2-1/2"]
[WhiteElo "2500"]
[BlackElo "2395"]
[EventDate "1983.04.16"]
[PlyCount "32"]

1.d4 Nf6 2.c4 e6 3.Nf3 b6 4.Nc3 Bb7 5.e3 Bb4 6.Bd3 O-O 7.O-O c5 8.Na4 cxd4
9.exd4 Re8 10.c5 bxc5 11.a3 c4 12.Bxh7+ Nxh7 13.axb4 Bxf3 14.Qxf3 Nc6 15.
d5 Nxb4 16.dxe6 dxe6 1/2-1/2